[Event "Cto. de Aragón Veteranos 2018"]
[Site "?"]
[Date "2018.05.06"]
[Round "3"]
[White "Obis, Joaquin"]
[Black "Navales, Manuel"]
[Result "1/2-1/2"]
[WhiteElo "1252"]
[BlackElo "1573"]
[PlyCount "69"]

1. e4 e5 2. Nf3 Nc6 3. Bb5 a6 4. Ba4 Nf6 5. O-O Be7 6. Re1 b5 7. Bb3 O-O 8. c3
d6 9. h3 Na5 10. Bc2 c5 11. d4 Qc7 12. dxe5 dxe5 13. Nbd2 Nc6 14. Nf1 Be6 15.
Ng3 Bc4 16. Be3 Rad8 17. Qc1 Bd3 18. Bxd3 Rxd3 19. Qc2 Rfd8 20. Rad1 c4 21. Rd2
Rxd2 22. Nxd2 Nd7 23. a3 Bc5 24. Nf3 Bxe3 25. Rxe3 Nc5 26. Ne1 Qd7 27. Re2 Qd1
28. Kh2 Qxc2 29. Rxc2 g6 30. Nf3 f6 31. h4 h5 32. Re2 Na5 33. Nd2 Nab3 34. Nxb3
Nxb3 35. Nf1 1/2-1/2

[Event "Cto. de Aragón Veteranos 2018"]
[Site "?"]
[Date "2018.05.06"]
[Round "3"]
[White "Ubeda, Angel"]
[Black "Burillo, Amelia"]
[Result "1-0"]
[WhiteElo "1492"]
[BlackElo "1296"]
[PlyCount "63"]

1. Nf3 d6 2. d4 g6 3. Bf4 h6 4. h3 Bg7 5. c3 Nf6 6. e3 O-O 7. Be2 Nbd7 8. Qb3
e6 9. Bh2 a6 10. O-O d5 11. Nbd2 Re8 12. Rac1 b5 13. a4 c6 14. axb5 axb5 15.
Ra1 Bb7 16. Ra3 Bf8 17. Raa1 Qc8 18. Ne5 Bd6 19. Ndf3 Ne4 20. Qc2 Qc7 21. Bd3
Ndf6 22. b3 Rxa1 23. Rxa1 Ra8 24. Rxa8+ Bxa8 25. Qa2 Bb7 26. c4 bxc4 27. bxc4
Kg7 28. c5 Be7 29. Nxg6 Qd8 30. Nxe7 Qxe7 31. Qa7 Ne8 32. Ba6 1-0

[Event "Cto. de Aragón Veteranos 2018"]
[Site "?"]
[Date "2018.05.06"]
[Round "3"]
[White "Moreno, Mario"]
[Black "Ruiz, Jose Manuel"]
[Result "0-1"]
[WhiteElo "1652"]
[BlackElo "1723"]
[PlyCount "69"]

1. d4 Nf6 2. c4 c5 3. e3 g6 4. Nf3 Bg7 5. Bd3 O-O 6. O-O d5 7. Nc3 cxd4 8. exd4
dxc4 9. Bxc4 Nbd7 10. h3 Nb6 11. Bb3 Nbd5 12. Re1 e6 13. Bg5 Nxc3 14. bxc3 Qa5
15. c4 b6 16. Ne5 Bb7 17. Bxf6 Bxf6 18. Nd7 Qg5 19. Qg4 Rfd8 20. Nxf6+ Qxf6 21.
Rad1 h5 22. Qe2 Rxd4 23. Rxd4 Qxd4 24. Rd1 Qf6 25. Rd7 Bc6 26. Rd6 Rc8 27. Qe3
Ba8 28. Rd7 Bc6 29. Rxa7 Rd8 30. Ra6 Rd4 31. Rxb6 Re4 32. Rb8+ Kg7 33. Qc5 Re1+
34. Kh2 Qf4+ 35. g3 0-1

[Event "Cto. de Aragón Veteranos 2018"]
[Site "?"]
[Date "2018.05.06"]
[Round "3"]
[White "Navarro, Rafael"]
[Black "Perez, Jose Maria"]
[Result "0-1"]
[WhiteElo "1583"]
[BlackElo "1406"]
[PlyCount "80"]

1. d4 d5 2. e4 e6 3. exd5 exd5 4. Bd3 Nf6 5. h3 Bd6 6. Nf3 O-O 7. O-O Re8 8.
Bg5 Be6 9. Re1 Nbd7 10. Ne5 Qc8 11. c3 Be7 12. Qc2 h6 13. Bh4 c5 14. Nxf7 Bxf7
15. Nd2 c4 16. Bf5 Qd8 17. Re3 a5 18. Rae1 Kf8 19. Nf3 Qc7 20. Ne5 Nxe5 21.
dxe5 Ne4 22. Bxe7+ Rxe7 23. Bxe4 dxe4 24. Qxe4 Kg8 25. f4 Rae8 26. f5 Rxe5 27.
Qxe5 Rxe5 28. Rxe5 Qb6+ 29. Kh2 a4 30. R1e2 Qd6 31. g3 Qc6 32. g4 Kh7 33. Kg3
Bd5 34. Rd2 Bh1 35. Re7 Bd5 36. Re5 Be4 37. Re7 Bd3 38. Kf4 Qd6+ 39. Re5 g5+
40. fxg6+ Kxg6 0-1

[Event "Cto. de Aragón Veteranos 2018"]
[Site "?"]
[Date "2018.05.06"]
[Round "3"]
[White "Cervera, Ramon"]
[Black "Gutierrez, Manuel"]
[Result "0-1"]
[WhiteElo "1448"]
[BlackElo "1320"]
[PlyCount "126"]

1. c4 Nf6 2. Nc3 g6 3. g3 Bg7 4. Bg2 O-O 5. Nf3 Nc6 6. a3 e6 7. O-O d5 8. cxd5
exd5 9. d4 Ne4 10. Nxe4 dxe4 11. Ng5 Nxd4 12. Nxe4 Bg4 13. f3 Be6 14. Nc5 Bc4
15. Re1 Nxe2+ 16. Kh1 Qxd1 17. Rxd1 Rad8 18. Be3 Rxd1+ 19. Rxd1 Bxb2 20. Nd7
Re8 21. Bf2 b6 22. Bh3 Kg7 23. Rd2 Bxa3 24. Rc2 Bd5 25. Kg2 c5 26. Rd2 Bc6 27.
Ra2 Bb4 28. Rc2 Bxd7 29. Bxd7 Re7 30. Bb5 Nd4 31. Bxd4+ cxd4 32. Ra2 a5 33. Ra1
Re3 34. Rd1 Bc5 35. f4 Rb3 36. Bd3 f5 37. h3 Rb2+ 38. Kf3 a4 39. g4 Kf6 40. g5+
Kg7 41. Rb1 a3 42. Rxb2 axb2 43. Ke2 Bb4 44. Bb1 h6 45. h4 Bc3 46. Bd3 b5 47.
Bb1 h5 48. Bd3 Kf7 49. Bb1 Ke7 50. Kd1 b4 51. Bd3 b3 52. Bb1 Kd6 53. Ke2 Kd5
54. Bd3 Kc5 55. Bb1 Ba5 56. Bd3 Kb4 57. Bb1 Ka3 58. Kd3 Bc3 59. Ke2 Bb4 60. Kd3
Bd6 61. Kxd4 Bxf4 62. Bxf5 gxf5 63. g6 b1=Q 0-1

[Event "Cto. de Aragón Veteranos 2018"]
[Site "?"]
[Date "2018.05.12"]
[Round "4"]
[White "Gonzalez, Jose Julian"]
[Black "Brosa, Jesus"]
[Result "1/2-1/2"]
[WhiteElo "2036"]
[BlackElo "1939"]
[PlyCount "139"]

1. b3 d5 2. Bb2 Bf5 3. e3 Nf6 4. Ne2 Nbd7 5. Ng3 Bg6 6. Be2 e6 7. d3 Bd6 8. Nd2
h5 9. h4 Bxg3 10. fxg3 Qe7 11. O-O Qd6 12. Qe1 e5 13. Rc1 O-O-O 14. c4 Qb6 15.
c5 Nxc5 16. Bxe5 Ne6 17. d4 Nd7 18. Nf3 f6 19. Bf4 Nxf4 20. gxf4 Rhe8 21. Rc3
Re7 22. Qg3 Be8 23. f5 Nb8 24. Rfc1 Qd6 25. Qf2 c6 26. Ne1 g5 27. hxg5 fxg5 28.
Nd3 Nd7 29. Rf1 Nf6 30. Ne5 Ne4 31. Qe1 Nxc3 32. Qxc3 Qf6 33. a4 g4 34. Rf4 Bd7
35. a5 Rde8 36. a6 b6 37. Bd3 Kc7 38. b4 Kd6 39. b5 Rxe5 40. dxe5+ Qxe5 41.
Qxe5+ Kxe5 42. bxc6 Bxc6 43. f6 Rf8 44. f7 Bd7 45. Bg6 h4 46. Kf2 Kd6 47. Bh5
Be6 48. Ke2 h3 49. gxh3 gxh3 50. Rh4 b5 51. Kd3 Kc5 52. e4 dxe4+ 53. Kxe4 b4
54. Kd3 Bf5+ 55. Kd2 Kb5 56. Be2+ Ka4 57. Bc4 Ka3 58. Rh5 Bc8 59. Ra5+ Kb2 60.
Ra2+ Kb1 61. Ke3 Bg4 62. Rf2 Bh5 63. Rf5 Bxf7 64. Bxf7 h2 65. Rf1+ Kb2 66. Rf2+
Kc3 67. Bd5 Rxf2 68. Kxf2 b3 69. Kg2 b2 70. Be4 1/2-1/2

[Event "Cto. de Aragón Veteranos 2018"]
[Site "?"]
[Date "2018.05.12"]
[Round "4"]
[White "Orti, Carlos"]
[Black "Edeso, Francisco"]
[Result "1/2-1/2"]
[WhiteElo "1853"]
[BlackElo "1834"]
[PlyCount "37"]

1. b3 Nf6 2. Bb2 e6 3. e3 d5 4. f4 Be7 5. Nf3 c5 6. Bb5+ Bd7 7. Qe2 O-O 8. O-O
Bxb5 9. Qxb5 Qc7 10. Qe2 Nc6 11. d3 b5 12. Ne5 a5 13. Nd2 d4 14. Nxc6 Qxc6 15.
exd4 cxd4 16. Nf3 Nd5 17. Ne5 Nc3 18. Nxc6 Nxe2+ 19. Kf2 1/2-1/2

[Event "Cto. de Aragón Veteranos 2018"]
[Site "?"]
[Date "2018.05.12"]
[Round "4"]
[White "Pellicer, Rafael"]
[Black "Martinez , Juan"]
[Result "1-0"]
[WhiteElo "1750"]
[BlackElo "1702"]
[PlyCount "127"]

1. d4 Nf6 2. c4 e5 3. dxe5 Ng4 4. Nf3 Nc6 5. Nc3 Ngxe5 6. e3 d6 7. Be2 Be6 8.
Nd5 Be7 9. O-O O-O 10. Nxe7+ Qxe7 11. b3 Qf6 12. Nd4 Qg6 13. Bh5 Qf6 14. Nxc6
bxc6 15. Qe1 Qf5 16. Qd1 Rfd8 17. Be2 d5 18. c5 Qf6 19. Ba3 d4 20. exd4 Rxd4
21. Qc1 Rad8 22. Qe3 R4d7 23. Rfd1 Rxd1+ 24. Rxd1 Rxd1+ 25. Bxd1 Qd8 26. Be2
Qd5 27. h3 g6 28. Bb2 Nd7 29. Qd4 Qxd4 30. Bxd4 Bd5 31. g4 Kf8 32. f4 Ke7 33.
Kf2 Nf6 34. Bxf6+ Kxf6 35. Ke3 Ke6 36. g5 Bg2 37. Bc4+ Bd5 38. Bf1 Kf5 39. Bd3+
Ke6 40. h4 f6 41. h5 f5 42. hxg6 hxg6 43. Kd4 a5 44. Bc4 Bxc4 45. Kxc4 Kd7 46.
Kd4 Ke6 47. Kc4 Kd7 48. a4 Ke6 49. Kd4 Kd7 50. Ke5 Ke7 51. Kd4 Ke6 52. Kc4 Kd7
53. b4 axb4 54. Kxb4 Kc8 55. Kc4 Kb7 56. Kd4 Ka6 57. Ke5 Ka5 58. Kf6 Kb4 59.
Kxg6 Kxc5 60. Kxf5 Kd6 61. Kf6 c5 62. g6 c4 63. g7 c3 64. g8=Q 1-0

[Event "Cto. de Aragón Veteranos 2018"]
[Site "?"]
[Date "2018.05.12"]
[Round "4"]
[White "Ferruz, Rafael"]
[Black "Arteaga, Francisco"]
[Result "0-1"]
[WhiteElo "1351"]
[BlackElo "1639"]
[PlyCount "78"]

1. e4 c5 2. Nc3 d6 3. Nge2 e5 4. Ng3 g6 5. Bc4 Nf6 6. d3 Nc6 7. Bg5 h6 8. Bxf6
Qxf6 9. O-O Be6 10. Nd5 Bxd5 11. Bxd5 Bg7 12. c3 O-O 13. Qd2 Qe7 14. f4 Rac8
15. f5 Kh7 16. Rf3 Bf6 17. Raf1 Bg5 18. Qe2 Bf4 19. Qe1 Qh4 20. h3 g5 21. Ne2
Qxe1 22. Rxe1 h5 23. Nxf4 gxf4 24. Kh2 h4 25. a3 a5 26. Rb1 Rc7 27. b4 axb4 28.
cxb4 cxb4 29. axb4 Nd4 30. Rff1 Kg7 31. Rfc1 Rfc8 32. Rc4 b5 33. Rxc7 Rxc7 34.
Ra1 Kf6 35. Ra6 Ke7 36. Rb6 Rc2 37. Rb7+ Kd8 38. Rb8+ Kc7 39. Rg8 Nf3+ 0-1

[Event "Cto. de Aragón Veteranos 2018"]
[Site "?"]
[Date "2018.05.12"]
[Round "4"]
[White "Perez, Jose Maria"]
[Black "Obis, Joaquin"]
[Result "1/2-1/2"]
[WhiteElo "1406"]
[BlackElo "1252"]
[PlyCount "82"]

1. d4 Nf6 2. Nf3 d5 3. e3 Bg4 4. Nbd2 e6 5. Bb5+ Nbd7 6. O-O a6 7. Bd3 c5 8. b3
cxd4 9. exd4 Bd6 10. c4 O-O 11. Qc2 Rc8 12. Bb2 Qc7 13. Rfe1 Bb4 14. Ne5 Bh5
15. Re3 Bxd2 16. Qxd2 Nxe5 17. Rxe5 Bg6 18. Bxg6 hxg6 19. Rg5 Ne4 20. Qe3 Nxg5
21. Qxg5 f6 22. Qxg6 Qf7 23. Qxf7+ Kxf7 24. c5 Rfe8 25. f4 Re7 26. b4 Rce8 27.
Rf1 Kg8 28. a4 f5 29. b5 axb5 30. axb5 Rc7 31. Ra1 Rb8 32. Ra7 Kh7 33. Ba3 Rcc8
34. Bb4 Rg8 35. Kf2 g5 36. Bd2 g4 37. g3 Kg6 38. Ba5 Rg7 39. Bb6 Rh7 40. Kg1
Rf7 41. Kg2 Rh7 1/2-1/2

[Event "Cto. de Aragón Veteranos 2018"]
[Site "?"]
[Date "2018.05.12"]
[Round "4"]
[White "Navales, Manuel"]
[Black "Garcia , Obdulio"]
[Result "0-1"]
[WhiteElo "1573"]
[BlackElo "1667"]
[PlyCount "88"]

1. d4 d5 2. c4 c6 3. Nf3 Nf6 4. Nc3 a6 5. e3 Bg4 6. Be2 e6 7. cxd5 cxd5 8. h3
Bh5 9. O-O Be7 10. Ne5 Bxe2 11. Qxe2 Nbd7 12. f4 O-O 13. Bd2 Rc8 14. Rac1 b5
15. a3 Nb6 16. g4 h6 17. h4 Nc4 18. Nxc4 dxc4 19. g5 hxg5 20. hxg5 Ne4 21. Qh5
Nxc3 22. Rf2 Bxg5 23. fxg5 Ne4 24. Rh2 Qxg5+ 25. Qxg5 Nxg5 26. Kg2 g6 27. Rch1
Kg7 28. e4 Nxe4 29. Bh6+ Kf6 30. Bxf8 Rxf8 31. Rh8 Rxh8 32. Rxh8 c3 33. bxc3
Nxc3 34. Ra8 Ne2 35. Rxa6 Nxd4 36. Kf2 Kf5 37. Ra5 e5 38. a4 bxa4 39. Rxa4 g5
40. Ra1 Kf4 41. Rf1 f5 42. Kg2+ Kg4 43. Rd1 f4 44. Re1 Kf5 0-1

[Event "Cto. de Aragón Veteranos 2018"]
[Site "?"]
[Date "2018.05.12"]
[Round "4"]
[White "Ruiz, Jose Manuel"]
[Black "Codina, Juan"]
[Result "1-0"]
[WhiteElo "1723"]
[BlackElo "1351"]
[PlyCount "69"]

1. c4 e6 2. g3 c6 3. Bg2 Nf6 4. Nf3 h6 5. O-O d5 6. b3 dxc4 7. bxc4 Bd6 8. d4
O-O 9. Nc3 Nbd7 10. e4 Bb4 11. Bd2 Bxc3 12. Bxc3 Nxe4 13. Bb4 c5 14. dxc5 Ndxc5
15. Ne5 Qxd1 16. Rfxd1 Re8 17. f3 a5 18. Ba3 Nc3 19. Bxc5 Nxd1 20. Rxd1 a4 21.
Bb6 f6 22. Nd3 Ra6 23. c5 Bd7 24. Nb4 Rxb6 25. cxb6 Bb5 26. f4 Rb8 27. Rc1 Kf8
28. Rc7 Rd8 29. Bxb7 Rd1+ 30. Kf2 Rd2+ 31. Ke1 Rb2 32. a3 Rxh2 33. Bf3 Rb2 34.
b7 Rb1+ 35. Kd2 1-0

[Event "Cto. de Aragón Veteranos 2018"]
[Site "?"]
[Date "2018.05.12"]
[Round "4"]
[White "Lorente, Antonio"]
[Black "Lopez, Jesus"]
[Result "1-0"]
[WhiteElo "1648"]
[BlackElo "1259"]
[PlyCount "93"]

1. d4 d5 2. Nf3 Nf6 3. e3 Bg4 4. Bd3 Nbd7 5. Nbd2 e5 6. dxe5 Nxe5 7. Be2 Bd6 8.
h3 Nxf3+ 9. Nxf3 Be6 10. O-O O-O 11. b3 Qd7 12. Bb2 Ne4 13. Bd3 f5 14. Nd4 Rae8
15. Qe1 f4 16. Nb5 Bxh3 17. f3 Qf5 18. gxh3 Qg5+ 19. Kh2 Nf6 20. Rg1 Qh5 21. e4
dxe4 22. fxe4 Be5 23. Bxe5 Qxe5 24. Qc3 Qxc3 25. Nxc3 Nd7 26. Raf1 Ne5 27. Nd5
f3 28. Rf2 c6 29. Ne3 Rf6 30. Nf5 g6 31. Nh6+ Kg7 32. Ng4 Rf4 33. Nxe5 Rxe5 34.
Rg3 b5 35. Rgxf3 Rxf3 36. Rxf3 Re6 37. Kg2 Re5 38. h4 Re7 39. Kg3 h6 40. Rf4
Re5 41. c4 b4 42. c5 g5 43. hxg5 Rxg5+ 44. Rg4 Kf6 45. Rxg5 Kxg5 46. Ba6 Kf6
47. Bb7 1-0

[Event "Cto. de Aragón Veteranos 2018"]
[Site "?"]
[Date "2018.05.12"]
[Round "4"]
[White "Otal, Jose Miguel"]
[Black "Pardo, Venancio"]
[Result "1/2-1/2"]
[WhiteElo "1405"]
[BlackElo "1491"]
[PlyCount "54"]

1. e4 c6 2. d4 d5 3. exd5 cxd5 4. Bd3 Nf6 5. c3 e6 6. Nd2 Be7 7. Ngf3 O-O 8.
O-O Nbd7 9. Re1 a6 10. a4 b6 11. Ne5 Bb7 12. f4 g6 13. Qe2 Nxe5 14. fxe5 Nh5
15. Nf3 Ng7 16. Bh6 Re8 17. Qd2 Nf5 18. Bxf5 exf5 19. Bg5 Bxg5 20. Nxg5 Bc8 21.
Nf3 Be6 22. Qh6 Ra7 23. Ng5 f6 24. Nxh7 Rxh7 25. Qxg6+ Rg7 26. Qh6 Rh7 27. Qg6+
Rg7 1/2-1/2

[Event "Cto. de Aragón Veteranos 2018"]
[Site "?"]
[Date "2018.05.12"]
[Round "4"]
[White "Gutierrez, Manuel"]
[Black "Lasierra, Javier"]
[Result "1-0"]
[WhiteElo "1320"]
[BlackElo "1442"]
[PlyCount "129"]

1. c4 d5 2. cxd5 Qxd5 3. Nc3 Qa5 4. g3 c6 5. Bg2 Bf5 6. d3 e6 7. Bd2 Na6 8. a3
Nf6 9. Ne4 Qd8 10. Nxf6+ Qxf6 11. Bc3 Qe7 12. b4 Nc7 13. e4 Bg6 14. Qc2 e5 15.
Nf3 f6 16. O-O Nb5 17. Nh4 O-O-O 18. Bh3+ Kb8 19. Bb2 Qd6 20. Rfd1 Nd4 21. Bxd4
Qxd4 22. Nf3 Qb6 23. Ne1 Bf7 24. Rd2 h5 25. Nf3 g5 26. Bf5 g4 27. Ne1 Bh6 28.
Re2 Rdg8 29. Qc5 Qxc5 30. bxc5 Bf8 31. Rc2 h4 32. Kf1 hxg3 33. hxg3 Rg5 34. Rc3
Bg6 35. Bxg6 Rxg6 36. Rac1 Bh6 37. R1c2 Bg5 38. Ke2 Rf8 39. Rc4 Bh6 40. Ng2 f5
41. Nh4 Rgf6 42. exf5 Bg5 43. Ng6 Re8 44. Rxg4 Rxf5 45. Re4 Re6 46. g4 Rff6 47.
Nxe5 Kc7 48. Rcc4 Bh4 49. Nf3 Rxe4+ 50. Rxe4 Rh6 51. g5 Bxg5 52. Nxg5 b6 53.
Re7+ Kb8 54. cxb6 axb6 55. a4 Rh4 56. Ne4 Rh5 57. f4 Ra5 58. Nc3 Rc5 59. Kd2
Rf5 60. Ke3 Rc5 61. Kd4 Kc8 62. Re5 Ra5 63. Rxa5 bxa5 64. Ke5 Kd7 65. Ne4 1-0

[Event "Cto. de Aragón Veteranos 2018"]
[Site "?"]
[Date "2018.05.12"]
[Round "4"]
[White "Moreno, Mario"]
[Black "Burillo, Amelia"]
[Result "1-0"]
[WhiteElo "1652"]
[BlackElo "1296"]
[PlyCount "131"]

1. d4 g6 2. e4 d6 3. Nf3 Bg7 4. c3 Nd7 5. Bc4 e6 6. Bf4 Ne7 7. Qd2 h6 8. Be3
Nf6 9. h3 Nxe4 10. Qc2 d5 11. Bd3 Nf6 12. Nbd2 Nf5 13. Bf4 O-O 14. O-O Ne7 15.
Ne5 Nh5 16. Bh2 Kh7 17. Ndf3 Bh8 18. g4 Nf6 19. Bg3 Ne4 20. Bxe4 dxe4 21. Qxe4
Nd5 22. Nh4 Nf6 23. Qd3 Qe8 24. Nhf3 b6 25. g5 Ng8 26. gxh6 Nxh6 27. Qe4 Rb8
28. Qh4 f6 29. Ng4 Bg7 30. Nxh6 Bxh6 31. Bxc7 Rb7 32. Bd6 Rff7 33. Qe4 Rbd7 34.
Bf4 Bxf4 35. Qxf4 g5 36. Qe4+ Kg8 37. Rfe1 Rde7 38. Kh2 Bb7 39. Qe3 Rh7 40. Ng1
Qb8+ 41. Qg3 Qxg3+ 42. Kxg3 f5 43. f3 Bd5 44. b3 b5 45. Rac1 Kf7 46. f4 Rh5 47.
fxg5 Rxg5+ 48. Kf4 Kf6 49. Nf3 Rh5 50. Rh1 Bxf3 51. Kxf3 e5 52. dxe5+ Rxe5 53.
Rcd1 a5 54. Rd6+ Kg5 55. Rd4 Rh7 56. Rg1+ Kh5 57. Kf4 Rc5 58. c4 bxc4 59. Rxc4
Rhc7 60. Rxc5 Rxc5 61. Rg5+ Kh4 62. Rxf5 Rxf5+ 63. Kxf5 Kxh3 64. a3 Kh4 65. b4
axb4 66. axb4 1-0

[Event "Cto. de Aragón Veteranos 2018"]
[Site "?"]
[Date "2018.05.19"]
[Round "5"]
[White "Brosa, Jesus"]
[Black "Orti, Carlos"]
[Result "1-0"]
[WhiteElo "1939"]
[BlackElo "1853"]
[PlyCount "73"]

1. d4 b6 2. Nf3 Bb7 3. Bf4 e6 4. Nbd2 f5 5. e3 Nf6 6. Be2 Bd6 7. Ne5 O-O 8. Bf3
Ne4 9. h4 Na6 10. c3 c5 11. Qc2 cxd4 12. exd4 Bxe5 13. dxe5 Nac5 14. b4 Nxd2
15. Bxb7 Nxb7 16. Qxd2 Qc7 17. Rd1 Rfd8 18. Rh3 a5 19. a3 axb4 20. axb4 Qc4 21.
Qd4 Qc6 22. Rg3 Ra2 23. Bg5 Qb5 24. Rgd3 d5 25. Bxd8 Nxd8 26. c4 Qxb4+ 27. Qc3
Qc5 28. Rf3 Nc6 29. cxd5 Qxc3+ 30. Rxc3 Nxe5 31. dxe6 Kf8 32. Rc7 Ra8 33. e7+
Ke8 34. Rd8+ Rxd8 35. exd8=Q+ Kxd8 36. Rxg7 b5 37. Kd2 1-0

[Event "Cto. de Aragón Veteranos 2018"]
[Site "?"]
[Date "2018.05.19"]
[Round "5"]
[White "Edeso, Francisco"]
[Black "Martinez, Juan"]
[Result "1/2-1/2"]
[WhiteElo "1834"]
[BlackElo "1702"]
[PlyCount "36"]

1. d4 Nf6 2. c4 e5 3. e3 exd4 4. exd4 Bb4+ 5. Bd2 Qe7+ 6. Qe2 Qxe2+ 7. Bxe2 Nc6
8. Nf3 O-O 9. O-O Bxd2 10. Nbxd2 d6 11. a3 Bf5 12. Rfe1 Rfe8 13. b4 Re7 14. Bf1
Rae8 15. Rxe7 Rxe7 16. h3 h6 17. b5 Na5 18. g4 Bg6 1/2-1/2

[Event "Cto. de Aragón Veteranos 2018"]
[Site "?"]
[Date "2018.05.19"]
[Round "5"]
[White "Ubeda, Angel"]
[Black "Ruiz, Jose Manuel"]
[Result "0-1"]
[WhiteElo "1492"]
[BlackElo "1723"]
[PlyCount "43"]

1. d4 Nf6 2. Nf3 c5 3. e3 g6 4. Be2 Bg7 5. O-O O-O 6. c3 b6 7. Nbd2 Bb7 8. b4
d6 9. Qb3 Nbd7 10. Ba3 Qc7 11. Rac1 h6 12. c4 a5 13. b5 cxd4 14. exd4 Rac8 15.
Rfe1 Rfe8 16. Bd3 Kh8 17. c5 dxc5 18. Qxf7 Nf8 19. dxc5 Bd5 20. Re6 Bxe6 21.
cxb6 Qxc1+ 22. Bxc1 0-1

[Event "Cto. de Aragón Veteranos 2018"]
[Site "?"]
[Date "2018.05.19"]
[Round "5"]
[White "Garcia, Obdulio"]
[Black "Perez, Jose Maria"]
[Result "0-1"]
[WhiteElo "1667"]
[BlackElo "1406"]
[PlyCount "80"]

1. d4 d5 2. c4 e6 3. e3 Nf6 4. Nf3 b6 5. Be2 dxc4 6. Bxc4 Bb7 7. O-O Be7 8.
Nbd2 O-O 9. a3 Nbd7 10. b4 c5 11. dxc5 bxc5 12. b5 Nb6 13. Bb2 Qc7 14. Be2 Rfd8
15. Qc2 Nbd5 16. Rac1 Bd6 17. Nc4 Be7 18. Be5 Qd7 19. Na5 Rdc8 20. Rfd1 Bd8 21.
Nxb7 Qxb7 22. Nd2 Bc7 23. Bxc7 Rxc7 24. Ne4 Nxe4 25. Qxe4 g6 26. a4 Qc8 27. Bf3
c4 28. Qd4 Rc5 29. Rd2 Qc7 30. Rdc2 Rc8 31. Be2 c3 32. g3 Rd8 33. Bf3 Rc4 34.
Qd1 Nb4 35. Qe2 Nxc2 36. Qxc2 Rd2 37. Qb3 Rb2 38. Qa3 Qc5 39. Qa1 Rcb4 40. Be4
Rxe4 0-1

[Event "Cto. de Aragón Veteranos 2018"]
[Site "?"]
[Date "2018.05.19"]
[Round "5"]
[White "Obis, Joaquin"]
[Black "Lorente, Antonio"]
[Result "0-1"]
[WhiteElo "1212"]
[BlackElo "1648"]
[PlyCount "54"]

1. e4 g6 2. d4 Bg7 3. Nc3 d6 4. Be3 Nf6 5. h3 O-O 6. Qd2 a6 7. Bh6 b5 8. Bxg7
Kxg7 9. a3 Bb7 10. Bd3 c5 11. dxc5 dxc5 12. b3 c4 13. bxc4 bxc4 14. Bxc4 Qxd2+
15. Kxd2 Bxe4 16. Nxe4 Nxe4+ 17. Ke2 Rc8 18. Bd3 Nc3+ 19. Ke1 Nc6 20. Nf3 e5
21. Nd2 f5 22. f3 e4 23. fxe4 fxe4 24. Bf1 Nd4 25. Rc1 Na2 26. Rb1 Nxc2+ 27.
Ke2 Nc3+ 0-1

[Event "Cto. de Aragón Veteranos 2018"]
[Site "?"]
[Date "2018.05.19"]
[Round "5"]
[White "Gutierrez, Manuel"]
[Black "Cortes, Cecilio"]
[Result "0-1"]
[WhiteElo "1320"]
[BlackElo "1617"]
[PlyCount "110"]

1. c4 d6 2. d4 c6 3. Nc3 Nd7 4. g3 e5 5. Nf3 Ngf6 6. Bg2 Be7 7. e4 O-O 8. O-O
Re8 9. dxe5 dxe5 10. a3 Qc7 11. b4 b6 12. Qe2 Nf8 13. Bb2 Bg4 14. Rad1 Ne6 15.
Qc2 Nd4 16. Qd3 Rad8 17. Qe3 c5 18. h3 Be6 19. Nd5 Bxd5 20. cxd5 Bd6 21. Rc1
Qe7 22. Rc4 Nd7 23. Rd1 f5 24. exf5 Nxf5 25. Qe4 Nd4 26. Rc3 Nf6 27. Qe1 Nxd5
28. Rcc1 Qf7 29. Nxd4 exd4 30. Qf1 Re7 31. Qc4 Nf6 32. Qxf7+ Kxf7 33. Bf3 Rde8
34. b5 Nd7 35. Kf1 Ne5 36. Bd5+ Kf6 37. Re1 Nd3 38. Rxe7 Rxe7 39. Rc2 Re1+ 40.
Kg2 Rb1 41. Re2 Rxb2 42. Re6+ Kf5 43. Rxd6 Rxf2+ 44. Kg1 Ke5 45. Rd7 Rc2 46.
Bc6 Ra2 47. Rxa7 Nb4 48. Be8 d3 49. Kf1 c4 50. Bf7 Ra1+ 51. Kf2 Kd4 52. Rd7+
Kc3 53. Rc7 Ra2+ 54. Ke3 Nc2+ 55. Ke4 Nxa3 0-1

[Event "Cto. de Aragón Veteranos 2018"]
[Site "?"]
[Date "2018.05.19"]
[Round "5"]
[White "Pardo, Venancio"]
[Black "Moreno, Mario"]
[Result "0-1"]
[WhiteElo "1491"]
[BlackElo "1650"]
[PlyCount "48"]

1. d4 d5 2. Nf3 Nf6 3. e3 Bg4 4. Nbd2 Nbd7 5. Bd3 e6 6. O-O c5 7. c3 Bd6 8. Re1
O-O 9. h3 Bh5 10. g4 Bg6 11. Bxg6 fxg6 12. e4 dxe4 13. Nxe4 Nxe4 14. Rxe4 Qf6
15. Kg2 Qf7 16. Qe2 h6 17. Rxe6 Rae8 18. Rxe8 Rxe8 19. Be3 cxd4 20. cxd4 Nf6
21. Ne5 Bxe5 22. dxe5 Rxe5 23. b3 Nd5 24. Rc1 Nf4+ 0-1

[Event "Cto. de Aragón Veteranos 2018"]
[Site "?"]
[Date "2018.05.19"]
[Round "5"]
[White "Lasierra, Javier"]
[Black "Otal, Jose Miguel"]
[Result "1-0"]
[WhiteElo "1442"]
[BlackElo "1405"]
[PlyCount "117"]

1. e4 g6 2. d4 Bg7 3. e5 d6 4. exd6 cxd6 5. c3 a6 6. Bc4 e6 7. Nf3 b5 8. Bd3
Bb7 9. O-O Nd7 10. h3 h6 11. Re1 Ne7 12. Be3 Rc8 13. b4 Nb6 14. Bc2 Nbd5 15.
Bd2 Nb6 16. Bb3 d5 17. a4 Nc4 18. Bxc4 bxc4 19. a5 Nf5 20. Ne5 O-O 21. Nf3 Nd6
22. Nh2 Ne4 23. Be3 f5 24. Qc1 Kh7 25. Nf1 Qf6 26. f3 Nd6 27. Bf4 Nf7 28. Qe3
Rfe8 29. Be5 Nxe5 30. dxe5 Qf7 31. f4 h5 32. Nbd2 Bh6 33. h4 Rg8 34. Nf3 Qd7
35. N1h2 Rcd8 36. Nd4 g5 37. hxg5 Bf8 38. Qh3 Qe8 39. Nhf3 Rd7 40. Kf2 Re7 41.
Rh1 Qg6 42. Qxh5+ Qxh5 43. Rxh5+ Kg7 44. Rah1 Kf7 45. Rh7+ Ke8 46. Rxe7+ Kxe7
47. Rh7+ Bg7 48. Nh4 Kf7 49. Kf3 Bc8 50. g4 Rh8 51. Rxh8 Bxh8 52. gxf5 exf5 53.
Nhxf5 Bd7 54. Ne3 Be6 55. f5 Bxf5 56. Ndxf5 Bxe5 57. Nxd5 Ke6 58. Ke4 Bh8 59.
g6 1-0

[Event "Cto. de Aragón Veteranos 2018"]
[Site "?"]
[Date "2018.05.19"]
[Round "5"]
[White "Navarro, Rafael"]
[Black "Codina, Juan"]
[Result "1-0"]
[WhiteElo "1583"]
[BlackElo "1351"]
[PlyCount "175"]

1. d4 e6 2. e4 d5 3. exd5 exd5 4. Bd3 Nf6 5. Nf3 h6 6. O-O Bd6 7. Re1+ Be7 8.
b3 O-O 9. Bf4 a6 10. c4 Bg4 11. Nbd2 Nc6 12. Rc1 Bb4 13. Be2 Re8 14. h3 Bxf3
15. Bxf3 Rxe1+ 16. Qxe1 Nxd4 17. Bxd5 c6 18. Be4 Qe8 19. Rd1 Rd8 20. Qe3 Ne6
21. Bf3 Bc5 22. Qe5 Nxf4 23. Qxf4 Bd6 24. Qf5 Qe5 25. Qxe5 Bxe5 26. Nb1 Rxd1+
27. Bxd1 Bd4 28. Bf3 Nd7 29. Kf1 Ne5 30. Ke2 b6 31. Nd2 c5 32. Bb7 a5 33. Ne4
Ng6 34. g3 f5 35. Nd6 Be5 36. Nxf5 Kf7 37. Ne3 Ke7 38. Nd5+ Kd6 39. Ba8 Nf8 40.
Nxb6 Ne6 41. Bd5 Ng5 42. Bg2 Bd4 43. Nd5 Nf7 44. Ne3 Ke5 45. f4+ Kf6 46. Nc2
Bc3 47. Kd3 Bb4 48. Nxb4 axb4 49. Bd5 Nd6 50. g4 g5 51. f5 Ke7 52. Kc2 Kf6 53.
Kd3 Ke7 54. Ke3 Kf6 55. Kf3 Ke7 56. Kg3 Kf6 57. h4 Ke7 58. hxg5 hxg5 59. Kf3
Kf6 60. Ke2 Ke5 61. Ke3 Ne8 62. Bf3 Nf6 63. Kd3 Kd6 64. Kc2 Ke5 65. Kb2 Kd4 66.
a3 bxa3+ 67. Kxa3 Ke3 68. Bd5 Nxg4 69. b4 cxb4+ 70. Kxb4 Nf6 71. Bb7 Kf4 72. c5
Kxf5 73. c6 Ne8 74. Bc8+ Ke5 75. Kc5 Nd6 76. Bd7 Ne4+ 77. Kb6 Nd6 78. c7 Kf6
79. Kc6 Ke5 80. Bh3 Nf5 81. Bxf5 Kxf5 82. c8=Q+ Kf4 83. Qf8+ Kg3 84. Kd5 g4 85.
Ke4 Kh3 86. Kf4 g3 87. Qh6+ Kg2 88. Qg5 1-0

[Event "Cto. de Aragón Veteranos 2018"]
[Site "?"]
[Date "2018.05.19"]
[Round "5"]
[White "Burillo, Amelia"]
[Black "Cervera, Ramon"]
[Result "1-0"]
[WhiteElo "1296"]
[BlackElo "1448"]
[PlyCount "61"]

1. d4 c5 2. e3 cxd4 3. exd4 e6 4. Nf3 Nf6 5. c4 b6 6. Be2 Bb7 7. O-O Be7 8. b3
O-O 9. Bb2 d5 10. Nbd2 Nc6 11. Re1 Qc7 12. Ne5 Nxe5 13. dxe5 Nd7 14. Nf3 dxc4
15. Rc1 Rad8 16. Qc2 Bxf3 17. Bxf3 Bb4 18. Re2 b5 19. bxc4 bxc4 20. Qxc4 Qxc4
21. Rxc4 Nxe5 22. Rxe5 Bd6 23. Re1 Rb8 24. Ba1 a5 25. Rd1 Bb4 26. g3 g5 27. h4
f6 28. hxg5 fxg5 29. Bg4 Rfe8 30. Re4 Kf7 31. Bh5+ 1-0

[Event "Cto. de Aragón Veteranos 2018"]
[Site "?"]
[Date "2018.05.26"]
[Round "6"]
[White "Marin, Angel Maria"]
[Black "Brosa, Jesus"]
[Result "1/2-1/2"]
[WhiteElo "1692"]
[BlackElo "1939"]
[PlyCount "66"]

1. e4 e5 2. Nf3 Nf6 3. Nxe5 d6 4. Nf3 Nxe4 5. Bd3 d5 6. O-O Bg4 7. Nc3 f5 8.
Re1 Be7 9. Be2 Nc6 10. d3 Nf6 11. Bf4 d4 12. Nb5 Nd5 13. Bd2 Nf6 14. Ng5 Qd7
15. Bxg4 fxg4 16. Ne6 Rc8 17. Bf4 h5 18. Qe2 Nd5 19. Bg5 Kf7 20. Bxe7 Qxe7 21.
Qe4 Nf6 22. Qf5 Qd7 23. Ng5+ Kg8 24. Qxd7 Nxd7 25. Re2 a6 26. Nxc7 Rxc7 27.
Re8+ Nf8 28. Rxf8+ Kxf8 29. Ne6+ Kf7 30. Nxc7 Rc8 31. Nd5 Rd8 32. Nf4 g6 33. a3
Ne7 1/2-1/2